000 01094cam a2200301 a 4500
999 _c21752
_d21752
001 1656253
005 20170123091501.0
008 980217s1998 txua b 001 0 eng
010 _a 97065984
020 _a0030244765
040 _aDLC
_cDLC
_dDLC
050 0 0 _aHB171.5
_b.W45 1998
100 1 _aWelch, Patrick J.
245 1 0 _aEconomics, theory and practice /
_cPatrick J. Welch, Gerry F. Welch.
250 _a6th ed.
260 _aFort Worth :
_bDryden Press,
_cc1998.
300 _axxv, 678 p. :
_bill. ;
_c23 cm.
500 _aRev. ed. of: Economics, theory & practice. 5th ed. c1995.
504 _aIncludes bibliographical references and index.
650 0 _aEconomics.
700 1 _aWelch, Gerry F.
700 1 _aWelch, Patrick J.
_tEconomics, theory & practice.
856 7 _3Table of contents
_uhttp://lcweb.loc.gov/catdir/toc/97-65984.html
_2http
942 _2lcc
_cBOOKS
_hHB171.5 .W45 1998